| 000 | 00706nam a2200193 a 4500 | ||
|---|---|---|---|
| 008 | 120416s1992 ||||||||||||||||| || u | ||
| 020 | _a0415062152 | ||
| 050 | _aHD 2971 Dar | ||
| 100 | _aD'Art, Daryl, 1943- | ||
| 245 | 1 | 0 | _aEconomic democracy and financial participation |
| 246 | _aa comparative study | ||
| 260 |
_aLondon _bRoutledge _c1992 |
||
| 300 | _axxiii, 355 p. : ill. | ||
| 350 | _a0.00 | ||
| 500 | _aIncludes bibliographical references (p. [332]-346) and index. | ||
| 650 | _aPROFIT-SHARING--CASE STUDIES | ||
| 650 | 0 | _aBUSINESS | |
| 995 |
_D0.00 _FCBU-MAIN LIBRARY (Kitwe) _H1 _I45.00 _M1 _UAVAILABLE _ZAnnex Low-Usage Collection |
||
| 999 |
_c40775 _d40775 |
||